Catálogo
 En Linea

Bastien-Lepage (1848-1884) : (Registro nro. 34702)

Detalles MARC
000 -CABECERA
campo de control de longitud fija 00628nam a2200181 a 4500
001 - NÚMERO DE CONTROL
campo de control 000035211
005 - FECHA Y HORA DE LA ÚLTIMA TRANSACCIÓN
campo de control 20200930074159.0
008 - DATOS DE LONGITUD FIJA--INFORMACIÓN GENERAL
campo de control de longitud fija 111026s1930 fr 000 0 fre d
040 ## - FUENTE DE LA CATALOGACIÓN
Centro catalogador/agencia de origen DO-SdBNP
245 00 - MENCIÓN DE TÍTULO
Título Bastien-Lepage (1848-1884) :
Resto del título huit reproductions facsimile en couleurs.
260 ## - PUBLICACIÓN, DISTRIBUCIÓN, ETC.
Lugar de publicación, distribución, etc. Paris :
Nombre del editor, distribuidor, etc. Pierre Lafitte et Cie,
Fecha de publicación, distribución, etc. ca. 1930.
300 ## - DESCRIPCIÓN FÍSICA
Extensión 80 p. :
Otras características físicas il. a color ;
Dimensiones 21 cm.
490 0# - MENCIÓN DE SERIE
Mención de serie Les peintres illustres ;
Designación de volumen o secuencia No. 47
500 ## - NOTA GENERAL
Nota general En la cubierta: Artistic-bibliothéque en couleurs
600 14 - PUNTO DE ACCESO ADICIONAL DE MATERIA--NOMBRE DE PERSONA
Nombre de persona BASTIEN-LEPAGE, JULES,
Fechas asociadas al nombre 1848-1884
9 (RLIN) 60957
650 24 - PUNTO DE ACCESO ADICIONAL DE MATERIA--TÉRMINO DE MATERIA
Término de materia o nombre geográfico como elemento de entrada Pintura francesa
9 (RLIN) 60958
650 24 - PUNTO DE ACCESO ADICIONAL DE MATERIA--TÉRMINO DE MATERIA
Término de materia o nombre geográfico como elemento de entrada Arte francés
9 (RLIN) 60959
Existencias
Estado de retiro Estado de pérdida Restricciones de uso No para préstamo Código de colección Localización permanente Ubicación/localización actual Ubicación en estantería Fecha de adquisición Número de inventario Total de préstamos Signatura topográfica completa Código de barras Fecha visto por última vez Precio válido a partir de Tipo de ítem Koha Nota pública
        Monografías: Libros y Folletos General General Orden iniciada 26.10.2011 LF1   35211-10 25.06.2020 25.06.2020 No se presta Biblioteca Juan Isidro Jiménes Grullón

Con tecnología Koha